000 00406nam a2200145Ia 4500
008 240729s9999 xx 000 0 und d
022 _a1687-6423
245 0 _aInternational Journal of Telemedicine and Applications
260 _aUnited Kingdom
260 _bHindawi Limited
650 _aMedicine
856 _uhttps://doaj.org/toc/58e23081fdbe4e6094ecb29ae6e31d86
942 _2ddc
942 _cDOAJEJ
999 _c71434
_d71434
945 _a1
_bMadushi Gamage
_c1
_dMadushi Gamage